000 00583nam a2200229Ia 4500
003 OSt
005 20221007070845.0
006 a|||||r|||| 00| 0
007 ta
008 221006b |||||||| |||| 00| 0 eng d
024 _a29,201
037 _cTextual
040 _aFLL
_cFLL
_beng
041 _2eng
_aeng
082 _aZ2,84, N8
100 _aBhargava Prabha
_9687850
245 0 _aLok adalat
260 _aJaipur
_bIna Shree Publishers India
_c1998
300 _a172p
_ccm.
942 _hZ2,84, N8
_cTEXL
_2CC
999 _c1141750
_d1141750